| 000 | 00601atm a2200229 4500 | ||
|---|---|---|---|
| 005 | 20250729165834.0 | ||
| 008 | 150727b2005 xxu||||| |||| 00| 0 spa d | ||
| 020 | _a9586484033 | ||
| 041 | _aESP | ||
| 082 | _a333.72 V422h | ||
| 100 | _aVega Mora, Leonel | ||
| 245 | _aHacia la sostenibilidad ambiental del desarrollo | ||
| 260 |
_aColombia _bECOE _c2005 |
||
| 300 | _a272 páginas | ||
| 490 | _aTurismo | ||
| 650 | 0 | _aDESARROLLO SOSTENIBLE | |
| 650 | _aCONTROL AMBIENTAL | ||
| 650 | 0 | _aPOLITICA AMBIENTAL | |
| 650 | 0 | _aGESTION AMBIENTAL | |
| 650 | _aPLANES AMBIENTALES | ||
| 942 |
_cBK _2ddc |
||
| 999 |
_c6509 _d6509 |
||